000 01140nam a22002657a 4500
001 76227
003 BD-RjUL
005 20211209082818.0
008 190815s20152003bg ||||| |||| 00| 0 ben d
020 _a9789844103337
035 _a(BD-RjUL)76448
040 _aBD-RjUL
_bben
_cBD-RjUL
041 _aben
082 _223
_a327.5492
_bHAT 2015
100 _aহালিম, মোঃ আবদুল
_9143400
245 1 0 _aঠান্ডা যুদ্ধোত্তর আন্তর্জাতিক সম্পর্কের ইতিহাস /
_cমোঃ আবদুল হালিম
246 _aA History of Post-Cold War International Relations.
260 _aঢাকা :
_bমাওলা ব্রাদার্স,
_c২০০৩ [মুদ্রণ ২০১৫]
300 _a২৫৬ পৃ. ;
_c২১ সেমি.
504 _aবিবলিওগ্রাফি সম্বিলত।
650 _aআন্তর্জাতিক সম্পর্ক
_9143401
650 _aInternational relations.
_9143402
651 _aBangladesh
_xForeign relations.
_9234862
942 _2ddc
_cBK
999 _c76227
_d76227